Pomerné odpočítanie dane z pridanej hodnoty v roku 2014
Výška odpočítateľnej dane závisí od charakteru podnikateľskej činnosti platiteľa. Platiteľ dane, ktorý použije nakúpené tovary a služby za účelom uskutočnenia podnikateľskej činnosti s nárokom na odpočítanie dane a súčasne aj za účelom uskutočnenia podnikateľskej činnosti bez nároku na odpočítanie d...
Salvato in:
| Autore principale: | |
|---|---|
| Natura: | Capitolo di libro |
| Lingua: | slovacco |
| Soggetti: | |
| Tags: |
Nessun Tag, puoi essere il primo ad aggiungerne!!
|
MARC
| LEADER | 00000naa a2200000 4500 | ||
|---|---|---|---|
| 001 | 0194304 | ||
| 005 | 20240502073243.5 | ||
| 041 | 0 | |a slo | |
| 044 | |a SK | ||
| 245 | 1 | 0 | |a Pomerné odpočítanie dane z pridanej hodnoty v roku 2014 |c Marcela Rabatinová |
| 520 | |a Výška odpočítateľnej dane závisí od charakteru podnikateľskej činnosti platiteľa. Platiteľ dane, ktorý použije nakúpené tovary a služby za účelom uskutočnenia podnikateľskej činnosti s nárokom na odpočítanie dane a súčasne aj za účelom uskutočnenia podnikateľskej činnosti bez nároku na odpočítanie dane (vykonáva tzv. kombinované činnosti), si môže z nakúpených tovarov a služieb uplatniť odpočítanie dane iba v pomernej výške, t. j. kráti odpočítateľnú daň koeficientom podľa § 50 zákona č. 222/2004 Z. z. o dani z pridanej hodnoty v z. n. p. Po skončení kalendárneho roka je takýto platiteľ dane povinný vykonať ročné zúčtovanie predbežne odpočítanej dane. Ilustračné príklady. | ||
| 610 | 2 | 0 | |a daňovníci |
| 610 | 2 | 0 | |a podnikatelia |
| 610 | 2 | 0 | |a dane z hodnoty pridanej |
| 610 | 2 | 0 | |a odpočet dane |
| 610 | 2 | 0 | |a legislatíva |
| 100 | 1 | |a Rabatinová, Marcela, 1977- | |